Statistiche per Stati per Altezza media maschile

Clicka qui per fare il quiz!

Statistiche generali

  • Questo quiz è stato fatto 5 volte
  • Il punteggio medio è 9 su 10

Statistiche sulle risposte

Altezza media maschile (cm)ContinenteNazione% Corretto
180,7EuropaFinlandia
100%
181,0EuropaIslanda
100%
181,2EuropaLettonia
100%
181,3EuropaLituania
100%
183,8EuropaPaesi Bassi
100%
181,5EuropaSvezia
100%
183,9EuropaBosnia ed Erzegovina
80%
181,8EuropaGermania
80%
182,9EuropaMontenegro
80%
182,0EuropaSerbia
60%

Distribuzione punteggi

Percentile per numero di risposta

Percentuale di utenti per punteggio

I tuoi punteggi nel tempo

Non hai fatto questo quiz